[Event "Cupa Conpet"]
[Site "?"]
[Date "2007.09.23"]
[Round "3.7"]
[White "Turlea , Constantin"]
[Black "Ionita, Ioan"]
[Result "1-0"]
[WhiteElo "1995"]
[BlackElo "1797"]
[Annotator "Anuta Laurentiu"]
[PlyCount "120"]

1. d4 d5 2. c4 c6 3. Nf3 Nf6 4. Nbd2 Bf5 5. Qb3 Qc7 6. Ne5 Nbd7 7. Ndf3 dxc4 8.
Nxc4 e6 9. g3 b5 10. Nce5 Bd6 11. Bg2 Be4 12. Nxd7 Nxd7 13. O-O O-O 14. Bd2 Bd5
15. Qc2 f5 16. Ng5 Rfe8 17. e4 fxe4 18. Nxe4 Be7 19. Bf4 Qb6 20. Rad1 a5 21.
Rfe1 a4 22. Ng5 Bxg5 23. Bxg5 Rac8 24. b3 axb3 25. axb3 Qa7 26. Be4 Nf8 27. Bf4
Qa3 28. Re3 Qa7 29. Be5 Bxe4 30. Qxe4 c5 31. dxc5 Qxc5 32. Qg4 Qe7 33. Bd6 Qf6
34. Bxf8 Rxf8 35. Qxe6+ Qxe6 36. Rxe6 Rf3 37. Re7 Rf7 38. Rdd7 Rxe7 39. Rxe7
Rc3 40. Re3 Rc5 41. Kg2 Kf7 42. Re4 Kf6 43. Kf3 Rc3+ 44. Re3 Rc2 45. Rd3 h6 46.
Ke3 Ke6 47. h3 g6 48. f4 Rh2 49. h4 h5 50. Kd4 Kd6 51. Ke4+ Ke6 52. Kd4 Kd6 53.
Kc3+ Kc5 54. Re3 b4+ 55. Kd3 Rg2 56. Re5+ Kd6 57. Rg5 Ke6 58. Rxg6+ Kf5 59.
Rg5+ Kf6 60. Kc4 Ke6 1-0

[Event "Cupa Conpet"]
[Site "?"]
[Date "2007.09.22"]
[Round "2.1"]
[White "Burnoiu, Nicolae Costel"]
[Black "Turlea , Constantin"]
[Result "1-0"]
[WhiteElo "2385"]
[BlackElo "1995"]
[Annotator "Anuta Laurentiu"]
[PlyCount "63"]

1. e4 c5 2. Nf3 Nc6 3. Nc3 e5 4. Bc4 Be7 5. d3 d6 6. Nd2 Nf6 7. Nf1 Bg4 8. f3
Be6 9. Ne3 O-O 10. O-O a6 11. a3 b5 12. Bd5 Qc7 13. f4 exf4 14. Rxf4 Rfe8 15.
Bd2 Rab8 16. Kh1 b4 17. axb4 Nxb4 18. Bc4 Qb7 19. b3 Red8 20. Qf3 Ra8 21. Ncd5
Nbxd5 22. exd5 Bc8 23. Bc3 Ra7 24. Rf1 Rf8 25. d4 Qc7 26. dxc5 dxc5 27. Bd3 Qd6
28. Bxf6 Bxf6 29. Qe4 Rd8 30. Qxh7+ Kf8 31. Re4 g6 32. Nc4 1-0

[Event "Felix Cup XXII"]
[Site "?"]
[Date "2007.05.30"]
[Round "?"]
[White "Turlea , Constantin"]
[Black "Samu, Sorin-Mihai"]
[Result "1-0"]
[WhiteElo "1975"]
[BlackElo "2223"]
[PlyCount "67"]
[EventDate "2007.??.??"]

1. d4 d5 2. c4 dxc4 3. Nf3 c6 4. a4 Bf5 5. e3 Bxb1 6. Rxb1 Qd5 7. Qc2 e6 8. Bd2
Nf6 9. Bxc4 Qe4 10. Bd3 Qg4 11. O-O Bd6 12. b4 Nbd7 13. e4 e5 14. dxe5 Nxe5 15.
Nxe5 Bxe5 16. Qc5 Nd7 17. Qe3 O-O 18. f4 Bc7 19. a5 Rfe8 20. Bc3 Nf8 21. Rf3
Rad8 22. Rg3 Bxf4 23. Qxf4 Qxf4 24. Rxg7+ Kh8 25. Rxf7+ Kg8 26. Rg7+ Kh8 27.
Rg5+ Re5 28. Bxe5+ Qxe5 29. Rxe5 Rxd3 30. Re7 Nd7 31. e5 b6 32. axb6 axb6 33.
Ra1 Kg8 34. Ra8+ 1-0

[Event "Felix Cup 2007 XXII"]
[Site "Felix Spa"]
[Date "2007.05.29"]
[Round "7.21"]
[White "Pop, Valer"]
[Black "Turlea , Constantin"]
[Result "0-1"]
[WhiteElo "2075"]
[BlackElo "1975"]
[PlyCount "102"]
[EventDate "2007.05.??"]
[EventRounds "9"]
[EventCountry "ROM"]

1. f4 d5 2. Nf3 c5 3. d4 Bf5 4. e3 e6 5. c4 Nf6 6. Nc3 Nc6 7. Bd3 Bxd3 8. Qxd3
Nb4 9. Qd1 dxc4 10. O-O cxd4 11. exd4 a6 12. a3 Nbd5 13. Qe2 Nxc3 14. bxc3 Qd5
15. Re1 Bd6 16. h3 O-O 17. Ne5 b5 18. Bd2 Qb7 19. g4 Qc7 20. Rf1 Nd7 21. Qe4
Nxe5 22. fxe5 Be7 23. g5 Qd8 24. h4 Qd5 25. Qg4 Ra7 26. Rf2 Rd8 27. Bc1 a5 28.
Raa2 Rb7 29. Rf4 b4 30. axb4 axb4 31. Raf2 Rf8 32. cxb4 Rxb4 33. h5 Rb1 34. Rf1
Rbb8 35. Be3 g6 36. R4f2 Bb4 37. Rh2 Rb7 38. Qh4 c3 39. Rf6 Be7 40. Rf1 Rb2 41.
Bf2 h6 42. Be3 hxg5 43. Bxg5 Bxg5 44. Qxg5 Qxd4+ 45. Rhf2 Rxf2 46. Rxf2 Qd1+
47. Kg2 Qxh5 48. Qf4 Qf5 49. Qd4 Qg5+ 50. Kf1 Qc1+ 51. Kg2 c2 0-1

[Event "Felix Cup XXII"]
[Site "?"]
[Date "2007.05.28"]
[Round "?"]
[White "Turlea , Constantin"]
[Black "Nemes, Silviu-Virgil"]
[Result "1/2-1/2"]
[WhiteElo "1975"]
[BlackElo "2134"]
[PlyCount "36"]
[EventDate "2007.??.??"]

1. d4 Nf6 2. c4 e5 3. d5 Bc5 4. Nc3 d6 5. e4 Ng4 6. Nh3 Qh4 7. g3 Qf6 8. Qe2
O-O 9. f3 Nh6 10. Nf2 Kh8 11. h4 Ng8 12. Bh3 Bxf2+ 13. Qxf2 Bxh3 14. Rxh3 a5
15. g4 Qe7 16. Be3 Na6 17. Kf1 Qd7 18. Kg2 f6 1/2-1/2

[Event "Felix Cup 2007 XXII"]
[Site "Felix Spa"]
[Date "2007.05.27"]
[Round "5.20"]
[White "Horvath, Ludovic"]
[Black "Turlea , Constantin"]
[Result "1/2-1/2"]
[WhiteElo "2114"]
[BlackElo "1975"]
[PlyCount "60"]
[EventDate "2007.05.??"]
[EventRounds "9"]
[EventCountry "ROM"]

1. e4 c5 2. Nf3 d6 3. d4 cxd4 4. Nxd4 Nf6 5. Nc3 a6 6. Bc4 e6 7. Bb3 Be7 8. Bg5
Nbd7 9. f4 Nc5 10. Qf3 Nxb3 11. Nxb3 Qc7 12. O-O h6 13. Bh4 b5 14. e5 Bb7 15.
Qe2 Nd5 16. Nxd5 Bxd5 17. Bxe7 Qxe7 18. Qg4 O-O 19. Nd4 dxe5 20. fxe5 Rac8 21.
b3 Rc5 22. Rae1 Rd8 23. Rf2 Rc7 24. Re3 Bb7 25. Rg3 Qg5 26. Qe2 Qc1+ 27. Rf1
Qb2 28. Qg4 g5 29. Nxe6 fxe6 30. Qxe6+ Kh7 1/2-1/2

[Event "Felix Cup 2007 XXII"]
[Site "Felix Spa"]
[Date "2007.05.26"]
[Round "3.19"]
[White "Jevtic, Sasa"]
[Black "Turlea , Constantin"]
[Result "1-0"]
[WhiteElo "2154"]
[BlackElo "1975"]
[PlyCount "99"]
[EventDate "2007.05.??"]
[EventRounds "9"]
[EventCountry "ROM"]

1. d4 Nf6 2. Nf3 e6 3. Bf4 d5 4. e3 c5 5. c3 b6 6. Bd3 Be7 7. Nbd2 Bb7 8. Ne5
O-O 9. O-O Nbd7 10. Qf3 Rc8 11. Qh3 Re8 12. f3 Nf8 13. g4 N6d7 14. Nxd7 Qxd7
15. Bg3 Bd6 16. f4 f6 17. Nf3 Qc7 18. Rae1 cxd4 19. cxd4 Qe7 20. Bh4 Qd7 21.
Bg3 Qa4 22. Bb1 Bb4 23. Rd1 Ba6 24. b3 Qa3 25. g5 Bxf1 26. Qxf1 f5 27. Ne5 Rc7
28. Nd3 Bd6 29. Be1 Qa6 30. Qg2 Qc8 31. h4 g6 32. h5 Qd7 33. h6 Rec8 34. Qb2
Qb5 35. Kf2 a5 36. Bd2 Bb4 37. a4 Qd7 38. Nxb4 axb4 39. Bxb4 Qc6 40. Bd3 Qb7
41. Bd2 Ra8 42. Ra1 Nd7 43. Qa3 Nb8 44. Qd6 Qc8 45. Ke2 Rc6 46. Qe5 Ra7 47. Bb5
Rc2 48. Rc1 Rxc1 49. Bxc1 Nc6 50. Bxc6 1-0

[Event "Romanian Individual National C"]
[Site "Amara"]
[Date "2007.02.22"]
[Round "8"]
[White "Turlea , Constantin"]
[Black "Marcu, Iulian"]
[Result "0-1"]
[WhiteElo "1951"]
[BlackElo "2076"]
[PlyCount "70"]
[EventDate "2007.02.??"]
[EventCountry "ROM"]

1. d4 d5 2. c4 e6 3. Nc3 Nf6 4. e3 Be7 5. Nf3 O-O 6. Bd3 dxc4 7. Bxc4 c5 8. O-O
cxd4 9. exd4 Nc6 10. Re1 Na5 11. Bd3 b6 12. Qe2 Bb7 13. Bf4 Bxf3 14. Qxf3 Qxd4
15. Rad1 Qb4 16. Ne4 Rfd8 17. Bc7 Re8 18. Be5 Nd5 19. Qh5 g6 20. Qh6 Bf8 21.
Qg5 Bg7 22. Bxg7 Kxg7 23. Ng3 Qf8 24. Be4 f6 25. Qc1 Rac8 26. Qd2 Red8 27. Qe2
Nf4 28. Qe3 e5 29. h3 Nc6 30. Bxc6 Rxc6 31. Qe4 Rcd6 32. Rc1 Qf7 33. h4 Nd3 34.
Qg4 Kh8 35. Rc8 Nxe1 0-1

[Event "Romanian Individual National C"]
[Site "Amara"]
[Date "2007.02.21"]
[Round "7"]
[White "Turlea , Constantin"]
[Black "Torok, Francisc"]
[Result "0-1"]
[WhiteElo "1951"]
[BlackElo "2230"]
[PlyCount "68"]
[EventDate "2007.02.??"]
[EventCountry "ROM"]

1. d4 d5 2. c4 c6 3. Nf3 Nf6 4. e3 Bg4 5. h3 Bh5 6. Bd3 e6 7. O-O Nbd7 8. Nbd2
Bd6 9. Qc2 Rc8 10. b3 O-O 11. Bb2 Re8 12. Ne5 Nf8 13. f4 Bg6 14. Nxg6 hxg6 15.
Nf3 c5 16. Ne5 cxd4 17. exd4 dxc4 18. bxc4 Nd5 19. Qe2 Ne7 20. Qf3 Nf5 21. Rab1
Rc7 22. Rfd1 b6 23. Be4 Qh4 24. Rdc1 Ng3 25. Bc6 Rec8 26. Bb7 Rb8 27. Be4 Qxf4
28. Qxf4 Ne2+ 29. Kf2 Nxf4 30. d5 exd5 31. cxd5 Rxc1 32. Rxc1 Re8 33. Kf3 Nxg2
34. Kxg2 Bxe5 0-1

[Event "Romanian Individual National C"]
[Site "Amara"]
[Date "2007.02.19"]
[Round "5"]
[White "Dulman, Egmond Gabriel"]
[Black "Turlea , Constantin"]
[Result "1-0"]
[WhiteElo "2099"]
[BlackElo "1951"]
[PlyCount "44"]
[EventDate "2007.02.??"]
[EventCountry "ROM"]

1. d4 Nf6 2. c4 e6 3. Nc3 Bb4 4. Qc2 c5 5. Nf3 d5 6. e3 O-O 7. a3 Qa5 8. Bd2
cxd4 9. Nxd4 Bxc3 10. Bxc3 Qd8 11. Rd1 Nc6 12. Be2 Ne4 13. cxd5 exd5 14. Nxc6
bxc6 15. Bb4 Qf6 16. O-O Re8 17. Bd3 h6 18. f3 Ng5 19. h4 Nh3+ 20. gxh3 Bxh3
21. Qf2 Bxf1 22. Rxf1 Qe5 1-0

[Event "Romanian Individual National C"]
[Site "Amara"]
[Date "2007.02.17"]
[Round "2"]
[White "Turlea , Constantin"]
[Black "Anton, Teodor"]
[Result "0-1"]
[WhiteElo "1951"]
[BlackElo "2175"]
[PlyCount "66"]
[EventDate "2007.02.??"]
[EventCountry "ROM"]

1. d4 Nf6 2. c4 e6 3. Nf3 Bb4+ 4. Bd2 c5 5. e3 O-O 6. Bd3 d6 7. O-O Nc6 8. Nc3
e5 9. d5 Ne7 10. a3 Bxc3 11. Bxc3 Bg4 12. h3 Bh5 13. b4 Rc8 14. Rb1 cxb4 15.
Ba1 e4 16. Bxf6 exf3 17. Bd4 Qd7 18. Rxb4 Nf5 19. Qb1 Nxd4 20. exd4 fxg2 21.
Kxg2 Qe7 22. Bxh7+ Kh8 23. Bf5 Qg5+ 24. Kh2 Qf4+ 25. Kg1 Bf3 26. Bxc8 Rxc8 27.
Qc1 Qf5 28. Kh2 Re8 29. Rg1 f6 30. Rxb7 Re2 31. Rb2 Re4 32. Rg3 Re8 33. Rb7 g5
0-1

[Event "Romanian Individual National C"]
[Site "Amara"]
[Date "2007.02.16"]
[Round "3"]
[White "Raducanu, Andrei-Augustin"]
[Black "Turlea , Constantin"]
[Result "0-1"]
[WhiteElo "2104"]
[BlackElo "1951"]
[PlyCount "34"]
[EventDate "2007.02.??"]
[EventCountry "ROM"]

1. e4 c5 2. Nc3 e6 3. f4 d5 4. e5 Nc6 5. Nf3 Nge7 6. g3 Nf5 7. Bg2 Nfd4 8. Nxd4
Nxd4 9. Ne2 Qb6 10. d3 Nxe2 11. Qxe2 Bd7 12. c3 d4 13. O-O Be7 14. Bd2 O-O 15.
Be4 Rfd8 16. Rab1 Bc6 17. g4 c4 0-1

[Event "Campionato rumeno open 2006"]
[Site "Predeal ROM"]
[Date "2006.11.30"]
[Round "4"]
[White "Turlea , Constantin"]
[Black "Suciu, Dinu Simi"]
[Result "0-1"]
[WhiteElo "1925"]
[BlackElo "2324"]
[PlyCount "54"]
[EventDate "2006.11.27"]

1. d4 c6 2. c4 d5 3. e3 Nf6 4. Nf3 a6 5. b3 Bf5 6. Bd3 Bxd3 7. Qxd3 e6 8. O-O
Nbd7 9. Nc3 Bd6 10. e4 dxe4 11. Nxe4 Nxe4 12. Qxe4 O-O 13. Bg5 Be7 14. Bxe7
Qxe7 15. Rfe1 Rfd8 16. Rad1 Qa3 17. Qc2 a5 18. Re3 h6 19. h3 a4 20. d5 Nc5 21.
dxe6 Rxd1+ 22. Qxd1 Nxe6 23. Qb1 Qb4 24. Qf5 axb3 25. Ne5 bxa2 26. Qxf7+ Kh8
27. Ng6+ Kh7 0-1

[Event "Memorialul Paul Diaconescu"]
[Site "Ploiesti"]
[Date "2004.04.12"]
[Round "8"]
[White "Sandulescu, Gheorghe"]
[Black "Turlea , Constantin"]
[Result "0-1"]
[WhiteElo "1983"]
[BlackElo "1955"]
[Annotator "Anuta  Laurentiu"]
[PlyCount "82"]
[EventDate "2004.02.12"]
[EventType "team"]

1. d4 Nf6 2. c4 d6 3. Nc3 g6 4. e4 Bg7 5. Be2 O-O 6. Be3 Nbd7 7. g4 b6 8. g5
Ne8 9. h4 e5 10. Nf3 Bb7 11. Qc2 f5 12. exf5 gxf5 13. d5 c6 14. O-O-O cxd5 15.
Nxd5 Rc8 16. Kb1 f4 17. Bc1 Nc7 18. Nc3 Nc5 19. Rhg1 Qe7 20. Nd2 e4 21. b4 Nd3
22. Bxd3 exd3 23. Qxd3 d5 24. a3 a5 25. Rde1 Qd8 26. Bb2 axb4 27. axb4 dxc4 28.
Qxd8 Rfxd8 29. Kc2 Na6 30. Ba3 Bxc3 31. Re7 Bxd2 32. Rxb7 Nxb4+ 33. Kb1 c3 34.
Rxb6 c2+ 35. Kb2 c1=Q+ 36. Rxc1 Bxc1+ 37. Kb3 Bxa3 38. Kxa3 Ra8+ 39. Kxb4 Rab8
40. Rxb8 Rxb8+ 41. Kc3 Re8 0-1

[Event "Memorial Paul Diaconescu"]
[Site "Ploiesti"]
[Date "2004.02.10"]
[Round "7"]
[White "Turlea , Constantin"]
[Black "Miroiu, George Catalin"]
[Result "1/2-1/2"]
[WhiteElo "1955"]
[BlackElo "1894"]
[Annotator "Anuta  Laurentiu"]
[PlyCount "66"]
[EventDate "2004.02.07"]
[EventType "swiss"]
[EventRounds "10"]

1. d4 e6 2. c4 Nf6 3. Nc3 Bb4 4. a3 Bxc3+ 5. bxc3 O-O 6. Qc2 b6 7. e4 d6 8. Bd3
e5 9. Ne2 h6 10. O-O Bb7 11. f3 Nbd7 12. Be3 Re8 13. Ng3 Nf8 14. Qd2 Bc8 15.
Bc2 Bd7 16. Rad1 Qe7 17. d5 Ng6 18. Rde1 Kh7 19. Nf5 Qf8 20. g4 Ne7 21. Qg2 g5
22. Kf2 Ng6 23. Rg1 Bxf5 24. gxf5 Nf4 25. Bxf4 gxf4 26. Ba4 Red8 27. Bc6 Rab8
28. Qh3 Qh8 29. Qh4 Rg8 30. Ke2 Rg7 31. Qf2 Rg5 32. Rxg5 hxg5 33. Rg1 Qg7
1/2-1/2

[Event "Memorial Paul Diaconescu"]
[Site "Ploiesti"]
[Date "2004.02.09"]
[Round "6"]
[White "Miron, Lucian Costin"]
[Black "Turlea , Constantin"]
[Result "1-0"]
[WhiteElo "2206"]
[BlackElo "1955"]
[Annotator "Anuta  Laurentiu"]
[PlyCount "80"]
[EventDate "2004.02.07"]
[EventType "swiss"]
[EventRounds "10"]

1. d4 Nf6 2. c4 d6 3. Nc3 Nbd7 4. Nf3 e5 5. e4 Be7 6. Be2 O-O 7. O-O Re8 8. h3
Bf8 9. d5 c6 10. Be3 cxd5 11. cxd5 Nc5 12. Nd2 b6 13. b4 Na6 14. Qb3 Bb7 15.
Rfc1 Nc7 16. Rc2 a6 17. a4 Nxe4 18. Ndxe4 f5 19. Nb5 Bxd5 20. Bc4 Bxc4 21.
Qxc4+ d5 22. Qxc7 fxe4 23. Na7 d4 24. Bd2 e3 25. fxe3 dxe3 26. Bxe3 Qd3 27.
Bxb6 Kh8 28. Qc4 Qg3 29. a5 e4 30. Bf2 Qe5 31. Qd4 Qf5 32. Be3 Red8 33. Rf1 Qg6
34. Qb6 Qg3 35. Bf4 Qd3 36. Rd2 Qxd2 37. Bxd2 Rxd2 38. Qc6 Rad8 39. Qxe4 Bd6
40. Nc6 Rc8 1-0

[Event "Memorial  Paul  Diaconescu"]
[Site "Ploiesti"]
[Date "2004.02.05"]
[Round "5"]
[White "Anuta, Laurentiu "]
[Black "Turlea , Constantin"]
[Result "1-0"]
[WhiteElo "2078"]
[BlackElo "1955"]
[Annotator "Anuta  Laurentiu"]
[PlyCount "57"]
[EventDate "2004.02.03"]
[EventType "swiss"]
[EventRounds "10"]

1. e4 d6 2. d4 Nf6 3. Bd3 g6 4. Ne2 Bg7 5. O-O O-O 6. c3 c6 7. h3 Qc7 8. Be3
Nbd7 9. Qd2 b5 10. a4 bxa4 11. Rxa4 c5 12. b4 c4 13. Bc2 Bb7 14. Ng3 e6 15. f4
Bc6 16. Ra5 Qb7 17. e5 Nd5 18. Rf2 Rfd8 19. exd6 Bf8 20. f5 exf5 21. Bh6 Bxh6
22. Qxh6 Nf8 23. Bxf5 gxf5 24. Nxf5 f6 25. Rxd5 Ng6 26. Rc5 Re8 27. Rxc6 Rac8
28. Rxc8 Rxc8 29. Re2 1-0

[Event "Memorial  Paul  Diaconescu"]
[Site "Ploiesti"]
[Date "2004.02.03"]
[Round "3"]
[White "Turlea , Constantin"]
[Black "Adoamnei, Roxana-Antonela"]
[Result "0-1"]
[WhiteElo "1955"]
[BlackElo "2078"]
[Annotator "Anuta  Laurentiu"]
[PlyCount "66"]
[EventDate "2004.02.03"]
[EventType "swiss"]
[EventRounds "10"]

1. e4 c5 2. c3 a6 3. d4 cxd4 4. cxd4 d5 5. exd5 Qxd5 6. Nc3 Qa5 7. Nf3 e6 8.
Bd3 Nc6 9. O-O Nb4 10. Bc4 b5 11. Bb3 Bb7 12. Qe2 Rd8 13. Ng5 Rd7 14. Nxe6 fxe6
15. Bxe6 Re7 16. Bg5 Nf6 17. Bxf6 gxf6 18. Qh5+ Kd8 19. d5 Rg7 20. Ne4 Qb6 21.
Nxf6 Qxe6 22. dxe6 Rxg2+ 23. Kh1 Rxf2+ 24. Nd5 Rxf1+ 25. Rxf1 Bxd5+ 26. Rf3 Bc5
27. a3 Rf8 28. e7+ Kxe7 29. Qe5+ Kd7 30. Qg7+ Kc6 31. Qh6+ Kb7 32. Qg7+ Kb6 33.
Qh6+ Nc6 0-1

[Event "Memorial  Paul  Diaconescu"]
[Site "PLOIESTI"]
[Date "2004.01.31"]
[Round "1.3"]
[White "Telea, Stefan"]
[Black "Turlea , Constantin"]
[Result "1-0"]
[WhiteElo "2169"]
[BlackElo "1955"]
[Annotator "Anuta"]
[PlyCount "45"]
[EventDate "2004.02.02"]
[EventType "swiss"]
[EventRounds "3"]

1. d4 Nf6 2. c4 d6 3. Nc3 Nbd7 4. g3 e5 5. Bg2 Be7 6. Nf3 O-O 7. O-O Re8 8. Qd3
Bf8 9. e4 exd4 10. Qxd4 b6 11. e5 Nh5 12. exd6 cxd6 13. Qd5 Nhf6 14. Qxa8 Qc7
15. Nd5 Qxc4 16. Nxf6+ Nxf6 17. Qxa7 Ba6 18. Bg5 Ne4 19. Nd2 Nxd2 20. Bxd2 Re2
21. Be3 Rxb2 22. Rfc1 Qa4 23. Bd5 1-0